Geçmişten günümüze Türk devletleri - Statistics

General Stats
  • This quiz has been taken 222 times
  • The average score is 10 of 17
Answer Stats
Picture Answer % Correct
Osmanlı
98%
Göktürk
96%
Türkiye
93%
Selçuklu
92%
Avrupa Hun
76%
Uygur
72%
Gazne
68%
Karahanlı
65%
Timur
58%
Avar
49%
Altın Orda
45%
Hazar
45%
Büyük Hun
43%
Babür
39%
Ak Hun
37%
Batı Hun
31%
Harezmşahlar
22%
No matching quizzes found
Score Distribution
Percent of People with Each Score
Percentile by Number Answered
Your Score History
You have not taken this quiz